[Event "IECC Swiss email"]
[Site "IECC email"]
[Date "2003.04.18"]
[Round "?"]
[White "Nuoffer, James"]
[Black "Wozniak, Zbigniew"]
[Result "0-1"]
[WhiteElo "1017"]
[BlackElo "1796"]
[PlyCount "54"]
[EventDate "2003.??.??"]
[EventType "tourn (corr)"]
[EventRounds "6"]
[SourceTitle "Corr 2008"]
[Source "ChessBase"]
[SourceDate "2008.06.24"]
[SourceVersion "1"]
[SourceVersionDate "2008.06.24"]
[SourceQuality "1"]

1. e4 c5 2. Nf3 Nc6 3. c3 Nf6 4. d4 Nxe4 5. Bd3 d5 6. Nbd2 Nxd2 7. Bxd2 Bg4 8. Bb5 Qb6 9. Qa4 Bxf3 10. gxf3 e6 11. 0-0-0 Be7 12. Bxc6+ bxc6 13. dxc5 Bxc5 14. Be3 Bxe3+ 15. fxe3 Qxe3+ 16. Rd2 0-0 17. Qg4 Rfb8 18. Qd4 Qxf3 19. Rg1 g6 20. Rf2 Qe4 21. Qxe4 dxe4 22. Re1 f5 23. h4 Rd8 24. Rg1 Kg7 25. Rh2 e3 26. Kc2 f4 27. a3 f3 0-1